000 00760nam a2200289Ia 4500
005 20260324112131.0
008 008 260324s9999 xx 000 0 eng d
020 _a9781032705385
037 _aEBOOK
040 _aCRL
040 _beng
040 _cCRL
041 _2eng
041 _aeng
084 _qCRL
100 _aMilda Ališauskienė; Eglė Aleknaitė; Marianne Bjelland Kartzow
_91141431
245 0 _aReligion and Gender Equality around the Baltic Sea
245 0 _bIdeologies, Policies, and Private Lives
260 _bTaylor and Francis
260 _c2024
365 _a
365 _b220
856 _uhttp://www.taylorfrancis.com/books/9781032705385
942 _cEBOOK
999 _c1730523
_d1730523